000 00449nam a2200181Ia 4500
005 20250603144551.0
008 250603s9999 xx 000 0 und d
020 _a978-1-032-42026-4
050 _aP 96 .A44/
100 _aCushion, Stephen
245 0 _aBeyond Mainstream Media: Alternative Media and the Future of Journalism
260 _aOxon
260 _bRoutledge
260 _c2024
300 _a178 p
650 _aOxon
942 _cBK
999 _c39302
_d39302